| 000 | 00000nam##2200000za#4500 |
| 001 | 9.558035 |
| 003 | CaOODSP |
| 005 | 20230131161132 |
| 007 | cr ||||||||||| |
| 008 | 150406|2002||||xxc|||||o f|0| 0 eng|d |
| 020 | |a0-662-31502-2 |
| 022 | |a1701-4387 |
| 040 | |aCaOODSP|beng |
| 043 | |an-cn--- |
| 086 | 1 |aM44-2002/C1E-IN |
| 110 | 2 |aGeological Survey of Canada. |
| 245 | 10|aNew bedrock mapping and preliminary U/Pb geochronology in the Walmsley Lake area, southeastern Slave Province, Northwest Territories / |h[electronic resource]|c[by] Kate MacLachlan, Carolyn Relf, Scott Cairns, Jim Renaud, and Andrea Mills. |
| 260 | |aOttawa - Ontario : |bNatural Resources Canada. |c2002. |
| 300 | |a12p.|bcoloured maps, references, photographs |
| 490 | 1 |aCurrent research 2002|x1701-4387|v2002-C1 |
| 546 | |a(Résumé en français.) |
| 590 | |a13-28-Supp|b2013-12-09 |
| 830 | #0|aCurrent research (Geological Survey of Canada)|x1701-4387|v2002-C1|w(CaOODSP)9.506236 |
| 856 | 40|ahttp://publications.gc.ca|qPDF|s1.21 MB|uhttps://publications.gc.ca/collections/collection_2013/rncan-nrcan/M44-2002-C1-eng.pdf|y2002-C1 |